| 000 | 00700nam a22002177a 4500 | ||
|---|---|---|---|
| 003 | 0 | ||
| 005 | 20251028142910.0 | ||
| 008 | 251028b xxu||||| |||| 00| 0 eng d | ||
| 020 | _a978-1-98469-558-1 | ||
| 050 |
_aG 155.A1 _b.D38 2025 |
||
| 100 |
_aDavis, Dalton, _eauthor. |
||
| 245 |
_aTourism entrepreneurship and innovation / _cDalton Davis. |
||
| 260 |
_aNew York, NY : _b3G E-Learning LLC, _c2025. |
||
| 300 |
_axviii, 281 pages : _bcolored illustrations ; _c26 cm. |
||
| 504 | _aIncludes bibliographical references and index. | ||
| 650 |
_aTourism _xManagement. |
||
| 650 | _aEntrepreneurship. | ||
| 650 | _aBusiness innovation. | ||
| 650 |
_aTourism _xEconomic aspects. |
||
| 942 |
_2lcc _cBK |
||
| 999 |
_c368383 _d368383 |
||